BANK ASSET AND LIABILITY MANAGEMENT (Record no. 31404)

MARC details
000 -LEADER
fixed length control field 00318nam a2200121Ia 4500
008 - FIXED-LENGTH DATA ELEMENTS--GENERAL INFORMATION
fixed length control field 240624s9999 xx 000 0 und d
041 ## - LANGUAGE CODE
Language code of text/sound track or separate title eng
082 ## - DEWEY DECIMAL CLASSIFICATION NUMBER
Classification number 332.10681 THE
100 ## - MAIN ENTRY--PERSONAL NAME
Personal name THE HONG KONG INSTITUTE OF BANKERS
245 ## - TITLE STATEMENT
Title BANK ASSET AND LIABILITY MANAGEMENT
260 ## - PUBLICATION, DISTRIBUTION, ETC.
Date of publication, distribution, etc. 2018
Place of publication, distribution, etc. Chennai
Name of publisher, distributor, etc. Wiley
365 ## - TRADE PRICE
Currency code RS
Holdings
Withdrawn status Lost status Damaged status Not for loan Home library Current library Shelving location Date acquired Cost, normal purchase price Total Checkouts Full call number Barcode Date last seen Date last checked out Price effective from Koha item type
        IMTN IMTN Rack 9-B 12/28/2018 2956.00 1 332.10681 THE 31404 02/13/2025 01/07/2025 06/24/2024 Books
Designed & Maintained by: LRC IMT Nagpur Contact: lrc@imtnag.ac.in© 2024. All Rights Reserved.